000 00562nam a2200217Ia 4500
999 _c18746
_d18746
003 0100
005 20190731114354.0
008 130303s9999 xx 000 0 und d
040 _cARRUPELIB
050 _aHQ1190.S451994
100 _aLaurie Shrage
_947679
245 _aMoral dilemmas of feminism
245 _bProstitution, Adultery and Abortion
260 _aLondon
_bRoutledge
_c1994
300 _a219p.23cm
440 _aThinking Gender
_947680
650 _bMaximus , Confessor, Saint , ca580-662
_947681
650 _aSexual ethics
_xAdultery
_xmoral and ethical aspects
_947682
650 _aProstitution-
_xmoral and ethical aspects
_947683
650 _a Abortion
_xmoral and ethical aspects
_917217
700 _aLaurie Shrage
_947679
942 _2lcc
_cMONOGRAPH